| 000 | 00743nam a22002297a 4500 | ||
|---|---|---|---|
| 999 |
_c6493 _d6493 |
||
| 001 | 1438 | ||
| 003 | BD-DhUAP | ||
| 005 | 20210119112117.0 | ||
| 008 | 210103s2002 ii a b 001 0 eng c | ||
| 020 | _a0443044163 | ||
| 040 |
_aDNLM/DLC _cDLC _dBD-DhUAP _bEng |
||
| 082 | 0 | 0 |
_223 _a615.19 PHA |
| 245 |
_aPharmaceutics : _bthe science of dosage form design / _cedited by Michael E. Aulton. |
||
| 260 |
_aEdinburgh : _bChurchill Livingstone, _cc1988 [Reprinted 1995]. |
||
| 300 |
_axv, 734 pages : _billustrations ; _c25 cm. |
||
| 504 | _aIncludes bibliographical references and index. | ||
| 650 |
_aDrugs _vDesign. |
||
| 650 |
_aDrugs _vDosage forms. |
||
| 650 | _aPharmaceutical chemistry. | ||
| 700 | _aAulton, Michael E. | ||
| 942 |
_2ddc _cBK |
||